Short n' Sweet (Deluxe) all songs - Statistics

General Stats
  • This quiz has been taken 129 times
  • The average score is 14 of 17
Answer Stats
Number Song Title % Correct
Song 7 Espresso
96%
Song 2 Please Please Please
95%
Song 14 Please Please Please/ Dolly Parton
95%
Song 1 Taste
89%
Song 10 Juno
88%
Song 6 Bed Chem
84%
Song 16 Busy Woman
83%
Song 13 15 Minutes
82%
Song 5 Coincidence
79%
Song 12 Don't Smile
77%
Song 3 Good Graces
77%
Song 9 Slim Pickins
74%
Song 15 Couldn't Make It Any Harder
73%
Song 11 Lie To Girls
73%
Song 4 Sharpest Tool
71%
Song 17 Bad Reviews
65%
Song 8 Dumb & Poetic
62%
No matching quizzes found
Score Distribution
Percent of People with Each Score
Percentile by Number Answered
Your Score History
You have not taken this quiz